Spain : 1808-1975

Saved in:
Bibliographic Details
Main Author: Carr, Raymond
Format: Book
Language:English
Published: Oxford : Clarendon Press, 2003, c1982
Series:Oxford history of modern Europe
Subjects:
Tags: Add Tag
No Tags, Be the first to tag this record!

MARC

LEADER 00000nam a2200000 i 4500
001 1/50211
008 070802s1982 eng d
020 |a 0-19-822128-2 (pbk.) 
035 |l 10089399 
040 |a GR-MY-UA  |b gre  |e aacr 
041 0 |a eng 
082 0 |a 946.08  |2 (22) 
100 1 |a Carr, Raymond. 
245 1 0 |a Spain :  |b 1808-1975 /  |c by Raymond Carr 
260 |a Oxford :   |b Clarendon Press,   |c 2003, c1982 
300 |a xxx, 856 σ.;  |b εικ.;  |c 22 εκ. 
490 1 |a Oxford history of modern Europe 
500 |a Ανατύπωση, 2003 
504 |a Βιβλιογραφία: σ. [779]-798 
504 |a Περιέχει ευρετήριο 
651 0 |a Spain  |x History  |y 19th century. 
651 0 |a Spain  |x History  |y 20th century. 
830 0 |a Oxford history of modern Europe 
852 |a INST  |b LESVOS  |e 20070802  |h 946.08 CAR  |p 005100039286  |q 005100039286  |t BK  |y 0 
901 |a BIBL1-2007-2 
909 |a Λ  |b 137392 
922 |a 1ΕΛΗ  |b 200707  |c ΕΠΕΑΕΚ2/ΤΚΑ  |d ΕΛΕΥΘΕΡΟΥΔΑΚΗΣ 
970 |a ΒΑΡΚΑ  |b ΕΛΕΥΘΕΡΙΑ  |z 2007/08/02